Rustrel - Choix multiples - Statistiques

Statistiques générales
  • Ce quiz a été pris 6 fois
  • Le résultat moyen est 8 sur 10
Statistiques - réponses
Question Réponse % Correct
L'un des sites touristiques situés sur la commune de Rustrel porte le nom d'un fleuve américain et mexicain tant il évoque les paysages spectaculaires que traverse ce fleuve. Quel est le nom de ce fleuve ? Le Colorado
100%
Quelle célèbre montagne à 40 km au nord de Rustrel, donne son nom à un vin A.O.C. produit entre autres à Rustrel ? Le Mont Ventoux
100%
Comment appelle-t-on la roche qui a été extraite à Rustrel et a façonné le paysage sur le site évoqué à la question #5 ? L'ocre
100%
Parmi les images suivantes, laquelle montre un aspect du site évoqué à la question précédente ?
83%
Quelle ville située à moins de 10 kilomètres au sud-ouest de Rustrel est connue pour sa chapelle royale financée par Anne d'Autriche ? Apt
83%
Quel champignon surnommé le "diamant noir", est un produit emblématique de Rustrel ? La truffe
83%
Au pied de quel massif des Préalpes se situe Rustrel ? Le Lubéron
67%
Quel aéronef est conçu pour pratiquer le vol libre en s'élançant du sommet d'une montagne ? Il en existe un club à Rustrel. Le parapente
67%
Quelle émission de télévision présentée entre autres par Frédéric Courant a tourné un reportage à Rustrel en 2003 ? C'est pas sorcier
50%
De quelle ville est originaire la grande figure du catholicisme social au XIXe siècle, Pauline Jaricot qui était propriétaire d'une forge à Rustrel ? Lyon
50%
Aucun quiz correspondant
Distribution des résultats
% des personnes avec chaque résultat
Percentile par nombre de réponses
Votre historique - résultats
Vous n’avez pas pris ce quiz